00468nam a2200133 a 450000100100000000500170001000800410002704000250006808200150009311000770010824500520018526000770023730000200031400002910420200930055332.0110413s1946 dr 000 | spa d aDO-SdBNPbspacBNPHU axxxbR426c1 aRepública Dominicana.bSecretaría de Estado de Relaciones Exteriores13aLa cancelación de una misión diplomática. aCiudad Trujillo, República Dominicana :bEditorial La Nación,c1946. a50 p. ;c22 cm.